LEADER 01126nam a2200265 i 4500 001 000000105712 003 CaOOAMICUS 005 20070619095810.0 008 070619s1982 fr b 000 u fre c 020 $a2-262-02581-9 040 $aPUL$bita$dLDB 100 1 $aVerger, Jacques,$d1943-$0(OLS)http://pul/name/12444 245 13$aLe siècle de Saint Bernard et Abélard /$cJacques Verger, Jean Jolivet. 260 $aParis :$bPerrin,$c1982. 300 $a293 p. :$bc. geogr. ;$c20 cm 490 1 $aCollection tempus 650 14$aFilosofia medievale$ySec. XII.$0(OLS)http://pul/subject/14914 700 1 $aJolivet, Jean,$d1925-$0(OLS)http://pul/name/3629 830 0$aCollection tempus.$0(OLS)http://pul/title/133079 850 $aPUL 852 $aPUL$W1$xSL Cons. Gen., Altre Classi 3$y75$m944. 02 VERJA 1$j118573$qDDC 21$B118443$CPULBib$Z2$F118443 $H104517 $82 941 1 $a9 996 $6020$a2-262-02581-9$9(OLS)http://pul/number/134900 996 $6245$aLe siècle de Saint Bernard et Abélard$9(OLS)http://pul/title/133078 996 $6260$aParis :$bPerrin$9(OLS)http://pul/publisher/59489 LEADER 01221nam a2200301 a 4500 001 000000136521 003 CaOOAMICUS 005 20131129113511.0 008 131129s2013 it u000 u ita r 020 $a978-88-498-3873-2 040 $aPUL$bita 082 04$a128 100 1 $aCampodonico, Angelo,$d1949-$0(OLS)http://pul/name/12692 245 12$aL'uomo :$blineamenti di antropologia filosofica /$cAngelo Campodonico. 260 $aSoveria Mannelli :$bRubbettino,$c©2013. 300 $a174 p. ;$c21 cm. 490 1 $aRubbettino Università 504 $aBibliografia p. [155]-167. 650 4$aAntropologia filosofica.$0(OLS)http://pul/subject/676 830 0$aRubbettino università.$0(OLS)http://pul/title/157245 850 $aPUL 852 $aPUL$W1$xSL Filosofia 3$y81$m128 CAMAN 2$j157260$qDDC 21$B156716$CPULBib$Z2$F156716 $H123231 $82 941 1 $a9 996 $6020$a978-88-498-3873-2$9(OLS)http://pul/number/154049 996 $6082$a128$9(OLS)http://pul/classification/461 996 $6245$aL'uomo :$blineamenti di antropologia filosofica$9(OLS)http://pul/title/172770 996 $6260$aSoveria Mannelli :$bRubbettino$9(OLS)http://pul/publisher/51639